|
|
|
|
| LEADER |
01717nam a2200289 a 4500 |
| 001 |
3963889 |
| 008 |
090804r20021994maucf 001 0aeng d |
| 010 |
|
|
|a 94079980
|
| 020 |
|
|
|a 0349106533
|
| 040 |
|
|
|a DLC/MoSU-L
|c MoSU-L
|d DLC
|
| 082 |
0 |
0 |
|a 968.06/4/092
|a B
|2 20
|
| 100 |
1 |
|
|a Mandela, Nelson,
|d 1918-
|
| 245 |
1 |
0 |
|a Long walk to freedom :
|b the autobiography of Nelson Mandela.
|
| 260 |
|
|
|a Boston ;
|a London:
|b Little, Brown;
|b ABACUS,
|c c1994[reprinted 2002].
|
| 300 |
|
|
|a 768 p.;
|c 20 cm.
|
| 504 |
|
|
|a Includes index.
|
| 541 |
1 |
|
|e 00010689
|
| 600 |
1 |
0 |
|a Mandela, Nelson,
|d 1918-
|
| 650 |
|
0 |
|a Presidents
|z South Africa
|x Biography.
|
| 651 |
|
0 |
|a South Africa
|x Politics and government
|y 1948-1994.
|
| 852 |
4 |
|
|a Ayesha Abed Library
|j General Shelf.
|
| 999 |
|
|
|c 3265
|d 3265
|
| 952 |
|
|
|0 0
|1 0
|2 ddc
|4 0
|6 968_064092000000000_MAN_2002
|7 0
|9 2957
|a BRACUL
|b BRACUL
|c GEN
|d 2009-08-31
|g 0.00
|l 8
|m 29
|o 968.064092 MAN
|p 3010010689
|r 2024-10-31
|s 2024-09-24
|t 1
|w 2009-08-31
|y BK
|x No price found in the accession register.
|
| 952 |
|
|
|0 0
|1 0
|2 ddc
|4 0
|6 968_064092000000000_MAN_2002
|7 0
|9 9148
|a BRACUL
|b BRACUL
|c GEN
|d 2010-04-11
|l 3
|m 12
|o 968.064092 MAN
|p 3010010685
|r 2024-02-19
|s 2024-01-22
|t 2
|w 2010-04-11
|y BK
|
| 952 |
|
|
|0 0
|1 0
|2 ddc
|4 0
|6 968_064092000000000_MAN_2002
|7 0
|9 9253
|a BRACUL
|b BRACUL
|c GEN
|d 2010-04-18
|l 4
|m 12
|o 968.064092 MAN
|p 3010010688
|r 2023-08-21
|s 2023-08-09
|t 3
|w 2010-04-18
|y BK
|
| 952 |
|
|
|0 0
|1 0
|2 ddc
|4 0
|6 968_064092000000000_MAN_2002
|7 0
|9 14594
|a BRACUL
|b BRACUL
|c GEN
|d 2011-03-12
|l 6
|m 27
|o 968.064092 MAN
|p 3010010690
|q 2023-03-27
|r 2020-02-06
|s 2020-02-06
|t 4
|w 2011-03-12
|y BK
|
| 952 |
|
|
|0 0
|1 0
|2 ddc
|4 0
|6 968_064092000000000_MAN_2002
|7 0
|9 14595
|a BRACUL
|b BRACUL
|c GEN
|d 2011-03-12
|l 5
|m 114
|o 968.064092 MAN
|p 3010010687
|r 2023-06-25
|s 2023-02-22
|t 5
|w 2011-03-12
|y BK
|